| 000 | 01007nam a2200349 a 4500 | ||
|---|---|---|---|
| 003 | AR-BaBNM | ||
| 005 | 20251128204448.0 | ||
| 008 | 082120s2002 ||||||||||||||000 | spa|| | ||
| 020 | _a950-13-6083-0 | ||
| 040 | _cAR-BaBNM | ||
| 100 | 1 | _aDehant, André | |
| 245 | 0 | 0 | _aEl niño aprende a leer |
| 260 |
_aBuenos Aires _bKapelusz _c1976 |
||
| 300 |
_a107 p. _bil., gráfs. |
||
| 490 | 0 |
_aBiblioteca de cultura pedagógica _vv. 148 |
|
| 500 | _aTraducción de Nélida Sánchez Rodilla | ||
| 504 | _aBibliografía relacionada con el tema p. 107 | ||
| 650 | 4 | _aENSEÑANZA DE LA LECTURA | |
| 650 | 4 | _aDIFICULTAD EN LA LECTURA | |
| 650 | 4 | _aMETODOS DE ENSEÑANZA | |
| 650 | 4 | _aMADUREZ PARA LA LECTURA | |
| 650 | 4 | _aMETODO GLOBAL | |
| 650 | 4 | _aMETODO FONICO | |
| 650 | 4 | _aPSICOMOTRICIDAD | |
| 650 | 4 | _aPERSONALIDAD | |
| 650 | 4 | _aNIVEL DE LECTURA | |
| 650 | 4 | _aACTIVIDADES DE APRENDIZAJE | |
| 653 | _aENSENANZA DE LA LENGUA | ||
| 700 | 1 | _aGille, Arthur | |
| 942 | _cBK | ||
| 998 | _cCarmen | ||
| 999 |
_c7517 _d7517 |
||